The Japanese in Ryokan : A gateway to traditional Japan
In the ryokan, the traditional Japanese guesthouse, building and landscape are melded in harmonic unity. Art, architecture, and the culture of daily life in ancient Japan as well as ceremonies and rituals, including the tea ceremony, the way of the Samurai, and much more is elucidated and explored i...
Đã lưu trong:
| Formáid: | Leabhar |
|---|---|
| Teanga: | Undetermined |
| Foilsithe: |
Tokyo
Shufunotomo Co., Ltd.
1985
|
| Ábhair: | |
| Clibeanna: |
Cuir Clib Leis
Gan Chlibeanna, Bí ar an gcéad duine leis an taifead seo a chlibeáil!
|
| Thư viện lưu trữ: | Trung tâm Học liệu Trường Đại học Cần Thơ |
|---|
| LEADER | 00815nam a2200193Ia 4500 | ||
|---|---|---|---|
| 001 | CTU_108121 | ||
| 008 | 210402s9999 xx 000 0 und d | ||
| 082 | |a 720 | ||
| 082 | |b J35 | ||
| 245 | 4 | |a The Japanese in Ryokan : | |
| 245 | 2 | |b A gateway to traditional Japan | |
| 260 | |a Tokyo | ||
| 260 | |b Shufunotomo Co., Ltd. | ||
| 260 | |c 1985 | ||
| 520 | |a In the ryokan, the traditional Japanese guesthouse, building and landscape are melded in harmonic unity. Art, architecture, and the culture of daily life in ancient Japan as well as ceremonies and rituals, including the tea ceremony, the way of the Samurai, and much more is elucidated and explored in richly illustrated articles. | ||
| 650 | |a Architecture | ||
| 650 | |z Japan | ||
| 904 | |i M.Loan | ||
| 980 | |a Trung tâm Học liệu Trường Đại học Cần Thơ | ||